Prywatyzacja w bylej NRD.

Menová únia medzi NSR a bývalou NDR. Úlohy poverovacej agentúry, ktorá prevzala 8000 podnikov. Rozsah privatizácie. Privatizácia zahrnutá do prvej etapy. Prekážky privatizácie. Komplikácie v poľnohospodárskom sektore. Vlastnícke pomery príčinou spomalenej privatizácie.

Gespeichert in:
Bibliographische Detailangaben
1. Verfasser: Dominiczak, M.
Format: Buchkapitel
Sprache:Polnisch
Schlagworte:
Tags: Tag hinzufügen
Keine Tags, Fügen Sie das erste Tag hinzu!

MARC

LEADER 00000naa a2200000 4500
001 r004980
005 20221125123201.5
041 0 |a pol 
044 |a PL 
245 1 0 |a Prywatyzacja w bylej NRD.  |c M. Dominiczak 
520 |a Menová únia medzi NSR a bývalou NDR. Úlohy poverovacej agentúry, ktorá prevzala 8000 podnikov. Rozsah privatizácie. Privatizácia zahrnutá do prvej etapy. Prekážky privatizácie. Komplikácie v poľnohospodárskom sektore. Vlastnícke pomery príčinou spomalenej privatizácie. 
610 2 0 |a privatizácia 
610 2 0 |a NDR 
610 2 0 |a únie menové 
610 2 0 |a Nemecko 
100 1 |a Dominiczak, M.